LEADER 00817nam0-22002891i-450- 001 990006162360403321 005 19980601 035 $a000616236 035 $aFED01000616236 035 $a(Aleph)000616236FED01 035 $a000616236 100 $a19980601d1953----km-y0itay50------ba 105 $a--------00-yy 200 1 $aFilosofia fondamentale$eprima versione italiana dall'originale spagnuolo$fGiacomo Balmes. 210 $aParma$cFiaccadori$d1953 215 $a420 p.$d24 cm 327 $aVolume primo 676 $a196.1 700 1$aBalmes,$bJaime Luciano$f<1810-1848>$0318497 801 0$aIT$bUNINA$gRICA$2UNIMARC 901 $aBK 912 $a990006162360403321 952 $aMASSARI C 29$b3402$fFGBC 959 $aFGBC 996 $aFilosofia fondamentale$9644371 997 $aUNINA DB $aGIU01 LEADER 01434nam a2200301 i 4500 001 991001119929707536 008 050628s1995 it 000 0 ita d 035 $ab13323453-39ule_inst 041 1 $aita 082 0 $a929.757 100 1 $aCandida Gonzaga, Berardo $0622478 245 10$aMemorie delle famiglie nobili delle province meridionali d'Italia / $craccolte dal Conte Berardo Candida Gonzaga 250 $aRist. anastatica 260 $aBologna:$bForni,$cstampa 1995 300 $a3 v. ;$c24 cm. 500 $aI voll. 1 e 2 sono rilegati insieme 500 $aI voll. 3 e 4 sono rilegati insieme 500 $aI voll. 5 e 6 sono rilegati insieme 500 $aRist. facs. dell'ed.: Napoli : s.n., 1875 650 4$aNobili$xItalia Meridionale 907 $a.b13323453$b21-09-06$c28-06-05 912 $a991001119929707536 945 $aLE002 St. XVI E 12/001 $cV. 1-2 $g1$i2002000408785 $lle002$op$pE50.00$q-$rl$s- $t0$u0$v0$w0$x0$y.i1409776x$z28-06-05 945 $aLE002 St. XVI E 12/002 $cV. 3.-4. $g1$i2002000408792 $lle002$op$pE50.00$q-$rl$s- $t0$u0$v0$w0$x0$y.i14097825$z28-06-05 945 $aLE002 St. XVI E 12/003 $cV. 5.-6. $g1$i20020008808 $lle002$op$pE60.00$q-$rl$s- $t0$u0$v0$w0$x0$y.i14097849$z28-06-05 996 $aMemorie delle famiglie nobili delle province meridionali d'Italia$91105908 997 $aUNISALENTO 998 $ale002$b28-06-05$cm$da $e-$fita$git $h0$i0